Short-loop ("Internal") Pituitary-Hypothalamus Gonadotropin Feedback in the Human

Bibliographic Details
Main Author: Szontágh, F.E (Author)
Format: Article
Language:English

MARC

LEADER 00000nab a2200000uu 4500
001 vtls010897421
003 SK-MaSNL
005 20260303214015.0
008 230218|1973 xo |||||||||||||||||eng|
015 |a SNBRB 
035 |a (urnnbn)urn:nbn:sk:snk:ar-006mzv 
035 |a (uuid)03c76812-f571-4e49-93a3-c610a0a84c25 
035 |a urn:nbn:sk:snk-ab8puk 
040 |a SNKBUCL  |b slo  |c SNKBUCL  |e AACR2 
041 0 |a eng 
044 |a xo  |c SK 
100 1 |a Szontágh, F.E  |4 aut  |9 1248539 
245 1 0 |a Short-loop ("Internal") Pituitary-Hypothalamus Gonadotropin Feedback in the Human  |c F. E. Szontágh 
773 0 |t Endocrinologia experimentalis  |g Roč. 7, č. 1 (1973), s. 65-67 
958 |a OND 
958 |a EUIPO 
958 |a article10 
999 |c 2214949  |d 2216879